| 000 | 01038nam a2200277 i 4500 | ||
|---|---|---|---|
| 001 | 000038646 | ||
| 003 | DO-SdBNP | ||
| 005 | 20251013094407.0 | ||
| 007 | ta | ||
| 008 | 130417s2006 dr 000 0 spa d | ||
| 040 |
_aDO-SdBNP _bspa _cBNPHU _erda |
||
| 041 | _aspa | ||
| 082 | 4 |
_axxx _bxxx _222 |
|
| 100 | 1 |
_aAmaro Guzmán, Raymundo, _eautor _4aut. _9656 |
|
| 245 | 1 | 0 |
_aResponsabilidades en la administración pública : _bdisciplinarias, politicas, civiles y penales de los servidores públicos y patrimonial del estado / _cRaymundo Amaro Guzmán. |
| 264 | 1 |
_aSanto Domingo : _bPunto Mágico, _c2006. |
|
| 300 |
_a248 páginas ; _c23 cm. |
||
| 336 |
_atexto _btxt _2rdacontent |
||
| 337 |
_asin mediación _bn _2rdamedia |
||
| 338 |
_avolumen _bnc _2rdacarrier |
||
| 500 | _aIncluye datos biográficos del autor en la solapa de la contracubierta | ||
| 500 | _aIncluye referencias bibliográficas y notas al pie de las páginas | ||
| 504 | _aBibliografía : páginas 237-241 | ||
| 590 | _aInventariado, 2025/BT | ||
| 942 |
_2ddc _cLBS1 |
||
| 999 |
_c38136 _d38136 |
||